|
|
|
|
| LEADER |
01001nam a2200253 i 4500 |
| 001 |
c000136382 |
| 003 |
CARM |
| 005 |
00000000000000.0 |
| 008 |
760308s1975 enkak b 00010 eng |
| 015 |
|
|
|a GB75-29939
|
| 019 |
1 |
|
|a 3571666
|z 22523175
|z 189627
|5 LACONCORD2021
|
| 035 |
|
|
|a (OCoLC)1981325
|5 LACONCORD2021
|
| 050 |
0 |
0 |
|a HD2755.5
|b .H84
|
| 100 |
1 |
|
|a Humble, John W.
|q (John William)
|
| 245 |
1 |
4 |
|a The responsible multinational enterprise /
|c [by] John Humble.
|
| 260 |
|
|
|a London :
|b Foundation for Business Responsibilities,
|c 1975.
|
| 300 |
|
|
|a v, 76 p. :
|b ill., form ;
|c 26 cm.
|
| 504 |
|
|
|a Bibliography: p. 75-76.
|
| 650 |
|
0 |
|a International business enterprises.
|
| 650 |
|
0 |
|a International business enterprises
|x Social aspects.
|
| 852 |
8 |
|
|b CARM
|h A2:AF30D0
|i D01143
|p 0029012
|f BK
|
| 082 |
0 |
4 |
|a 658.4/08
|
| 999 |
f |
f |
|i 9816a471-84d7-5ab8-914f-1db4e374aa0d
|s b4a5561c-4758-5f93-95d2-c0f73b3c3760
|
| 952 |
f |
f |
|p Can circulate
|a CAVAL
|b CAVAL
|c CAVAL
|d CARM 1 Store
|e D01143
|f A2:AF30D0
|h Other scheme
|i book
|m 0029012
|